M quinas el‚ctricas y transformadores / Irving L. Kosow (Registro nro. 22244)
[ vista simple ]
| 000 -LÍDER | |
|---|---|
| fixed length control field | 00379nam a2200133 4500 |
| 008 - ELEMENTOS DE LONGITUD FIJA -- INFORMACIÓN GENERAL | |
| fixed length control field | 0 1991 0a 000 0ESP |
| 020 ## - NÚMERO INTERNACIONAL NORMALIZADO PARA LIBROS | |
| ISBN | s/n |
| 082 ## - NUMERO DE CLASIFICACION DECIMAL DEWEY | |
| Número de Clasificación | 621.313 K253m |
| 100 ## - ASIENTO PRINCIPAL--NOMBRE PERSONAL | |
| Nombre personal | Kosow, Irving L. |
| 245 ## - TÍTULO | |
| Título | M quinas el‚ctricas y transformadores / Irving L. Kosow |
| 260 ## - PUBLICACIÓN, DISTRIBUCIÓN, ETC. (PIE DE IMPRENTA) | |
| Lugar de publicación, distribución, etc. | Barcelona : Reverte |
| 300 ## - DESCRIPCIÓN FÍSICA | |
| Extensión | 727 p. / 21 cm. |
| 650 ## - ASIENTO SECUNDARIO DE MATERIA - TERMINO TEMÁTICO | |
| Término temático o nombre geográfico como elemento de entrada | 1. MAQUINAS ELECTRICAS |
| No. biblioteca | No. biblioteca | Número de clasificación | Código de barras/Número de adquisición | Número de copia | Tipo de material |
|---|---|---|---|---|---|
| LUIS G. INCLAN | LUIS G. INCLAN | 621.313 K253m | 14802 | 3 | Libros |
| LUIS G. INCLAN | LUIS G. INCLAN | 621.313 K253m | 14803 | 4 | Libros |
